General elections, 1983 (Record no. 490528)

000 -LEADER
fixed length control field 00461cam a22001097a 4500
008 - FIXED-LENGTH DATA ELEMENTS--GENERAL INFORMATION
fixed length control field 180718b1983 xxu||||| |||| 00| 0 eng d
082 ## - DEWEY DECIMAL CLASSIFICATION NUMBER
Classification number F8065x5431 1983
245 ## - TITLE STATEMENT
Title General elections, 1983
Statement of responsibility, etc. by Directorate General of Information and Public Relations, Jammu and Kashmir
260 ## - PUBLICATION, DISTRIBUTION, ETC.
Place of publication, distribution, etc. Srinagar
Name of publisher, distributor, etc. Directorate General of Information and Public Relations
Date of publication, distribution, etc. 1983
300 ## - PHYSICAL DESCRIPTION
Extent 63+p.
700 ## - ADDED ENTRY--PERSONAL NAME
Personal name Jammu and Kashmir. Directorate General of Information and Public Relations
Holdings
Withdrawn status Lost status Damaged status Not for loan Permanent Location Current Location Date acquired Full call number Barcode Date last seen Price effective from Koha item type
        Indian Institute of Public Administration Indian Institute of Public Administration 2018-08-04 F8065x5431 1983 GG19923 2018-08-04 2018-08-04 GG

Powered by Koha